| 000 | 00442nam a22001697a 4500 | ||
|---|---|---|---|
| 003 | SGT | ||
| 020 | _a9780323878715 | ||
| 082 |
_a616.5 _bA25J |
||
| 100 | _aJAMES, WILIAM D. | ||
| 245 | _aANDREWS' DISEASES OF THE SKIN CLINICAL DERMATOLOGY | ||
| 250 | _a14TH | ||
| 260 |
_aPHILADELPHIA _bELSEVIER PUB _c2025 |
||
| 300 | _a1021 | ||
| 650 | _aDERMATOLOGY | ||
| 653 | _aANDREWS' DISEASES OF THE SKIN CLINICAL DERMATOLOGY | ||
| 942 |
_2ddc _cBK |
||
| 999 |
_c30595 _d30595 |
||